| 000 | 005990000a22001810004500 | ||
|---|---|---|---|
| 003 | MACL | ||
| 005 | 20160603132414.0 | ||
| 008 | 160603b xxu||||| |||| 00| 0 eng d | ||
| 040 |
_aMACL _cMACL |
||
| 041 | _aHindi | ||
| 082 | _a920 | ||
| 100 |
_aनन्दन, कन्हैयालाल _962049 |
||
| 245 |
_aगुजरा कहॉ कहॉ से _cकन्हैयालाल नन्दन |
||
| 260 |
_bराजपाल एण्ड संस _c2007 _aदिल्ली |
||
| 350 | _a275 | ||
| 650 |
_aAutobiography _962050 |
||
| 942 |
_cHIN _k920/NAN _2ddc |
||
| 999 |
_c41436 _d41436 |
||